000 00816nam0a22002651 4500
001 rc\388393
005 20250621065616.0
010 _a5-362-00122-1
_98000
035 _a(NLR Aleph) 005638444
090 _a6642824
_c6642824
100 _a20030616d1989 |||y0rusy50 ca
101 0 _arus
102 _aRU
105 _aa |||||||||
200 1 _aК станку добавим робот
210 _aКишинев
_cКартя Молдовеняскэ
_d1989
215 _a168, [3] с.
_cил.
_d20
320 _aБиблиогр.: с. 170
700 1 _aКмета
_bМ.А.
_gМихаил Александрович
701 1 _aКондратьев
_bС.В.
_gСергей Викторович
801 0 _aRU
_bNLR
_gpsbo
801 1 _aRU
_bELAR
_2rusmarc
852 _aNLR
_j89-3/16607
942 _cBOOK
980 _aNB